[Event "Posadas Rality"]
[Site "Posadas"]
[Date "2018.03.04"]
[Round "4.1"]
[White "Fernandez, Gabriel2222"]
[Black "Numata, Sebastian"]
[Result "0-1"]
[WhiteElo "1671"]
[BlackElo "1837"]
[PlyCount "84"]
[EventDate "2018.03.02"]
[EventType "tourn"]
[EventRounds "5"]
[EventCountry "ARG"]
[SourceTitle "EXT 2024"]
[Source "ChessBase"]
[SourceDate "2023.10.10"]
[SourceVersion "1"]
[SourceVersionDate "2023.10.10"]
[SourceQuality "1"]

1. e4 e5 2. Nf3 Nc6 3. Bb5 a6 4. Ba4 Nf6 5. d3 d6 6. c3 Be7 7. Nbd2 b5 8. Bc2 d5 9. h3 0-0 10. Nb3 dxe4 11. dxe4 Qxd1+ 12. Kxd1 Rd8+ 13. Ke2 Be6 14. Nfd2 a5 15. a4 b4 16. g4 Nd7 17. Nf1 Bc4+ 18. Kf3 Nc5 19. Nxc5 Bxc5 20. Bg5 f6 21. Be3 Be7 22. Nd2 Be6 23. Bb3 Bxb3 24. Nxb3 bxc3 25. Rac1 Nd4+ 26. Bxd4 exd4 27. bxc3 dxc3 28. Rxc3 Bb4 29. Re3 c5 30. Rc1 Rac8 31. Rc4 Rd1 32. Ke2 Re1+ 33. Kf3 Rh1 34. Kf4 Rd1 35. h4 g6 36. h5 Kg7 37. hxg6 hxg6 38. g5 fxg5+ 39. Kxg5 Rf1 40. Re2 Rf8 41. e5 Rg1+ 42. Rg4 Rf5+ 0-1

[Event "Asuncion Mayor Clasif op"]
[Site "Asuncion"]
[Date "2016.02.28"]
[Round "5"]
[White "Numata, Sebastian"]
[Black "Cantero, Rodolfo"]
[Result "1-0"]
[WhiteElo "1763"]
[BlackElo "1856"]
[PlyCount "91"]
[EventDate "2016.02.26"]
[EventType "swiss"]
[EventRounds "7"]
[EventCountry "PAR"]
[SourceTitle "CBM 171 Extra"]
[Source "ChessBase"]
[SourceDate "2016.04.26"]
[SourceVersion "1"]
[SourceVersionDate "2016.04.26"]
[SourceQuality "1"]

1. d4 Nf6 2. c4 e6 3. Nf3 Bb4+ 4. Bd2 c5 5. a3 Bxd2+ 6. Qxd2 cxd4 7. Nxd4 0-0 8. Nc3 Nc6 9. e4 d6 10. Be2 Qe7 11. Rd1 Bd7 12. Ndb5 d5 13. cxd5 exd5 14. exd5 Ne5 15. d6 Qd8 16. Nc7 Rc8 17. Qd4 Nc6 18. Qf4 Ne8 19. N7d5 Be6 20. 0-0 Qd7 21. Bb5 Kh8 22. Ne7 Rd8 23. Ne4 Nxd6 24. Nxc6 bxc6 25. Rxd6 Qb7 26. Bxc6 Qxb2 27. Rxd8 Rxd8 28. Ng5 Qxa3 29. Nxf7+ Bxf7 30. Qxf7 Rf8 31. Qxf8+ Qxf8 32. Re1 Kg8 33. Re8 Qxe8 34. Bxe8 Kf8 35. Ba4 Ke7 36. f4 Kf6 37. Kf2 g5 38. fxg5+ Kxg5 39. g3 a5 40. h4+ Kf6 41. Kf3 Kg7 42. Kg4 Kg6 43. Bc2+ Kg7 44. Kg5 a4 45. Bxa4 Kf7 46. Bc2 1-0